| 000 | 00540nam a2200181Ia 4500 | ||
|---|---|---|---|
| 001 | 13682 | ||
| 005 | 20260306164819.0 | ||
| 008 | 260306t2024||||xx |||||||||||||| ||spa|| | ||
| 041 | _aESP | ||
| 082 |
_a005.13 _bG39 |
||
| 100 |
_aGheorghiu, Andrei, _eAUT |
||
| 245 | 0 |
_aBuilding data-driven applications with llamaindex : _ba practical guide to retrieval-augmented generation (RAG) to enhance LLM applications |
|
| 260 | _c2024 | ||
| 300 |
_axix, 349 páginas : _c24 cm. |
||
| 650 | _aGEN | ||
| 654 | _aCCC | ||
| 942 |
_cLIB _dJUS _fJUS _2ddc _n |
||
| 999 |
_c13682 _d13682 |
||